| 000 | 00353pab a2200145 454500 | ||
|---|---|---|---|
| 008 | 180718b2000 xxu||||| |||| 00| 0 eng d | ||
| 100 | _aO'Sullivan, Tim | ||
| 245 | _aLearning by comparing in the health services | ||
| 260 | _c2000 | ||
| 300 | _ap.43-56 | ||
| 362 | _aSummer | ||
| 650 | _aHealth services | ||
| 773 | _aAdministration | ||
| 909 | _a46357 | ||
| 999 |
_c46357 _d46357 |
||